| 000 | 00462nam a2200181Ia 4500 | ||
|---|---|---|---|
| 001 | 7364 | ||
| 005 | 20260306160450.0 | ||
| 008 | 260306t2021||||xx |||||||||||||| ||spa|| | ||
| 041 | _aESP | ||
| 082 |
_a338.644 _bLL558 |
||
| 100 |
_aLluch, Andrea, _eAUT |
||
| 245 | 0 |
_aHistoria empresarial en América Latina : _btemas, debates y problemas |
|
| 260 | _c2021 | ||
| 300 |
_a335 páginas : _c23 cm. |
||
| 650 | _aGEN | ||
| 654 | _aCAN | ||
| 942 |
_cLIB _dJUS _fJUS _2ddc _n |
||
| 999 |
_c7364 _d7364 |
||